000 00329nam a2200133Ia 4500
005 20251222142006.0
008 251222s9999||||xx |||||||||||||| ||spa||
020 _a958-20-0367-7
082 _a370.154/D54
100 _aDelgado Santagadea, Kenneth
245 0 _aEducación Participativa:
264 _bMagisterio
942 _cLIB
999 _c10176
_d10176